000 00760nam a22002657a 4500
001 BR8006973
003 BR-BrBNA
005 20241219175632.0
007 ta
008 230509b bl.||||| |||| 00| 0 por d
040 _aBR-BrBNA
_bpor
_cBiblioteca Nacional de Agricultura
041 _a(Por)
072 _aC00; E50
_b/G514
090 _a C00 BR8006973
_b2024-8441
110 1 _aEmpresa de Assistencia Tecnica e Extensao Rural do Estado de Alagoas, Maceio (Brasil)
245 1 _aPrograma de Acao Social Rural Integrada [Alagoas; Brasil]
260 3 _aMaceio, AL (Brasil):
_c1980.
300 _a28 p.
650 _aPROGRAMA EDUCACIONAL
650 _aEDUCACAO
650 _aNUTRICAO HUMANA
650 _aSAUDE
650 _aALAGOAS
942 _cBK
_2AGRIS
999 _c30668
_d30668